书目信息 |
| 题名: |
数码摄影实用攻略
|
|
| 作者: | 伍振荣 著 | |
| 分册: | ||
| 出版信息: | 北京 中国摄影出版社 2006 |
|
| 页数: | 143页 | |
| 开本: | 24cm | |
| 丛书名: | 数码摄影丛书 | |
| 单 册: | ||
| 中图分类: | TB86 | |
| 科图分类: | ||
| 主题词: | 数字照相机--Shu Zi Zhao Xiang Ji--摄影技术--基本知识 , 摄影技术--各种 , 摄影--各种 | |
| 电子资源: | ||
| ISBN: | 7-80007-923-6 | |
| 000 | 00980nam 2200301 450 | |
| 001 | CAL 012006051165 | |
| 005 | 20061120161533.10 | |
| 010 | @a7-80007-923-6@dCNY 34.00 | |
| 099 | @aCAL 012006051165 | |
| 100 | @a20060314d2006 ekmy0chiy0121 ea | |
| 101 | 0 | @achi |
| 102 | @aCN@b110000 | |
| 105 | @aa z 000yy | |
| 200 | 1 | @a数码摄影实用攻略@AShu Ma She Ying Shi Yong Gong Lue@f伍振荣著 |
| 210 | @a北京@c中国摄影出版社@d2006 | |
| 215 | @a143页@c图@d24cm | |
| 225 | 2 | @a数码摄影丛书@AShu Ma She Ying Cong Shu |
| 330 | @a本书分析14种不同拍摄领域的摄影技巧,全面解构摄影的各个层面,令初学者迅速吸收和掌握摄影知识,随时随地拍摄出满意的作品。 | |
| 333 | @a摄影爱好者及普通读者 | |
| 410 | 0 | @12001 @a数码摄影丛书 |
| 606 | 0 | @a数字照相机@AShu Zi Zhao Xiang Ji@x摄影技术@x基本知识 |
| 606 | 0 | @a摄影技术@x各种 |
| 606 | 0 | @a摄影@x各种 |
| 690 | @aTB86@v4 | |
| 701 | 0 | @a伍振荣@AWu Zhen Rong@4著 |
| 801 | @aCN@c20061120 | |
| 905 | @a10447@dTB86@eW949 | |
| 998 | @aBUA | |
| 数码摄影实用攻略/伍振荣著.-北京:中国摄影出版社,2006 |
| 143页:图;24cm.-(数码摄影丛书) |
| 使用对象:摄影爱好者及普通读者 |
| ISBN 7-80007-923-6:CNY 34.00 |
| 本书分析14种不同拍摄领域的摄影技巧,全面解构摄影的各个层面,令初学者迅速吸收和掌握摄影知识,随时随地拍摄出满意的作品。 |
| ● |
| 相关链接 |
|
|
|
正题名:数码摄影实用攻略
索取号:TB86/W949
 
预约/预借
| 序号 | 登录号 | 条形码 | 馆藏地/架位号 | 状态 | 备注 |
| 1 | 612296 | 206122961 | 自科库501/501自科库 20排1列3层/ [索取号:TB86/W949] | 在馆 | |
| 2 | 612297 | 206122970 | 自科库501/501自科库 20排1列3层/ [索取号:TB86/W949] | 在馆 | |
| 3 | 612298 | 206122989 | 自科二线504/504自科库 10排3列2层/ [索取号:TB86/W949] | 在馆 |